Artesanía tradicional de Chile
Saved in:
| Main Author: | |
|---|---|
| Format: | Book |
| Language: | Spanish |
| Published: |
Santiago
Departamento de Extensión Cultural
1978
|
| Series: | Serie el Patrimonio Cultural Chileno. Colección Historia del Arte Chileno
|
| Subjects: | |
| Tags: |
Add Tag
No Tags, Be the first to tag this record!
|
MARC
| LEADER | 00000nam a2200000 a 4500 | ||
|---|---|---|---|
| 001 | UCW4606 | ||
| 003 | CL-VaPUC | ||
| 008 | 900605e19780000CL |||||||||||||||||spa|d | ||
| 082 | 0 | 4 | |a 745.5 |b BER |2 21 |
| 100 | 0 | |a Berg Salvo, Lorenzo |e author |9 309376 | |
| 245 | 1 | 0 | |a Artesanía tradicional de Chile |
| 300 | |a 77 p | ||
| 942 | |c BK | ||
| 945 | |d 19900605 00:00:00 | ||
| 260 | |a Santiago |b Departamento de Extensión Cultural |c 1978 | ||
| 650 | 0 | |a Artesanías |9 266634 | |
| 650 | 0 | |a Arte folclórico |9 266990 | |
| 651 | 7 | |a CHILE |2 CL-VaPUC |9 309378 | |
| 583 | |a last modification |c 19900605 00:00:00 |k Rodrigo Vera | ||
| 490 | 0 | |a Serie el Patrimonio Cultural Chileno. Colección Historia del Arte Chileno | |
| 999 | |c 218285 |d 218283 | ||
| 952 | |0 0 |1 0 |4 0 |6 745_500000000000000_BER_1978 |7 0 |8 A |9 207553 |a BIBEDU |b BIBEDU |d 2019-11-15 |i 2753626 |o 745.5 BER 1978 |p 2753626 |r 2019-11-15 |w 2019-11-15 |y BK |k EDU | ||